00477 2200193 4500001002100000005001500021035002000036007000300056008004100059020001800100082001000118084001600128100001100144245004200155250000600197260003200203300003100235990001700266INLIS00000000000005120230301085058 a0010-0223000018ta230301 b 0 ind  a979-8399-00-5 a959.8 a959.8 RUD k0 aRudini1 aKalimantan Tengah /cDrs.Soemargono.K a- aJakarta :bIntermasa,c1992 a421 :bilus. ;c23.5 cme- a00043/R/1992